| 000 | 00487nam a2200181 i 4500 | ||
|---|---|---|---|
| 001 | bg | ||
| 100 | 1 | _aSERAFIN, Stanisław | |
| 245 | 0 |
_aGeometria : _bzbiór zadań z matematyki elementarnej / _cStanisław Serafin, Gustaw Treliński. |
|
| 260 |
_aWarszawa : _bPWN, _c1976. |
||
| 650 | 9 | _aGeometria | |
| 655 | _aĆwiczenia i zadania | ||
| 700 | 1 | _aTRELIŃSKI, Gustaw | |
| 040 | _cBPK | ||
| 041 | _apol | ||
| 080 | _a514 | ||
| 942 | _cKS | ||
| 008 | s pl f |000 0 pol | ||
| 999 |
_c27360 _d27360 |
||
| 856 |
_uhttp://koha.tu.koszalin.pl/cgi-bin/koha/opac-detail.pl?biblionumber=27360 _yKatalog online BPK |
||